000 00633nam a2200169 4500
999 _c5906
_d5906
008 161128b xxu||||| |||| 00| 0 eng d
022 _a16551516
082 _aDPer 330.5 P53 June-Dec 2014 v. 51, n. 1 & 2
100 _917894
_aMajuca, Ruperto P.
245 _aOptimal solution to cybercrimes:
_blessons from law and economics/
_cRuperto P. Majuca.
260 _aPhilippines:
_bUP School of Economics/ The Phil. Economic Society,
_c©2014.
300 _av51 n1, pages 84-116;
_c24 cm.
500 _aPhilippine review of economics.
650 0 _917895
_aComputer crimes
650 0 _918004
_aComputer security
942 _2ddc
_cPER